000 00530cas a22001815a 4500
001 L138070
008 070515c1990 xxkqr p 0 a0eng u
035 _a(Sirsi) u138070
041 0 _aeng
110 2 _aRoyal Institution of Chartered Surveyors
_bEast Anglian Branch
_95190
245 0 0 _aEast Anglion
260 _aS.l.
_bRICS
_c[199?]-
362 0 _a1(4) July/September 1991-3(4) Winter 1993
520 _aQuarterly
651 4 _aEAST ANGLIA
690 _aMANAGEMENT-BUSINESS MANAGEMENT-PROFESSIONAL PRACTICE
942 _n0
999 _c118941
_d118941